[Event "EU-ch rapid"]
[Site "Warsaw"]
[Date "2013.12.14"]
[Round "1"]
[White "Vdovenko, Volodymyr"]
[Black "Maiorov, Nikita"]
[Result "0-1"]
[WhiteElo "1734"]
[BlackElo "2552"]
[PlyCount "74"]
[EventDate "2013.12.14"]
[EventType "swiss (rapid)"]
[EventRounds "11"]
[EventCountry "POL"]
[SourceTitle "CBM 157 Extra"]
[Source "ChessBase"]
[SourceDate "2013.12.19"]
[SourceVersion "1"]
[SourceVersionDate "2013.12.19"]
[SourceQuality "1"]

1. Nf3 Nf6 2. g3 d5 3. Bg2 c6 4. d3 Bg4 5. Nbd2 e6 6. 0-0 Be7 7. Re1 0-0 8. Ne5 Bh5 9. f4 Nbd7 10. Ndf3 Bc5+ 11. d4 Bb6 12. c3 Ne8 13. h3 f6 14. Ng4 Nd6 15. Nf2 f5 16. Kh2 Ne4 17. Be3 Kh8 18. Nxe4 dxe4 19. Ng5 Qe7 20. h4 Nf6 21. Qd2 Rad8 22. Nh3 Ng4+ 23. Kh1 c5 24. Rad1 Nxe3 25. Qxe3 cxd4 26. cxd4 Qb4 27. Qb3 Qxb3 28. axb3 Bxd4 29. Ng5 Rfe8 30. Rc1 h6 31. Nh3 Rc8 32. Rc4 Bxb2 33. Bf1 Rxc4 34. bxc4 Rd8 35. Nf2 Rd2 36. Nd1 Bd4 37. Bg2 Bxe2 0-1